| 000 | 01461cam a2200385 a 4500 | ||
|---|---|---|---|
| 001 | 14323845 | ||
| 003 | OSt | ||
| 005 | 20250707101052.0 | ||
| 008 | 060331s2007 ne a 001 0 eng | ||
| 010 | _a 2006011131 | ||
| 020 |
_a9780240808062 _qpbk. : alk. paper |
||
| 020 |
_a0240808061 _qpbk. : alk. paper |
||
| 035 | _a14323845 | ||
| 040 |
_aDLC _cDLC _dDLC |
||
| 042 | _apcc | ||
| 050 | 0 | 0 |
_aPN2091.S8 _bG56 2007 |
| 082 | 0 | 0 |
_a792.02/5 _222 |
| 100 | 1 | _aGloman, Chuck B. | |
| 245 | 1 | 0 |
_aScenic design and lighting techniques : _ba basic guide for theatre / _cChuck Gloman, Rob Napoli. |
| 260 |
_aAmsterdam ; _aBoston : _bFocal Press, _cc2007. |
||
| 300 |
_axiv, 398 p. : _bcol. ill. ; _c26 cm. |
||
| 336 |
_atext _btxt _2rdacontent |
||
| 337 |
_aunmediated _bn _2rdamedia |
||
| 338 |
_avolume _bnc _2rdacarrier |
||
| 500 | _aIncludes index. | ||
| 650 | 0 |
_aTheaters _xStage-setting and scenery. |
|
| 650 | 0 |
_aTheaters _xLighting. |
|
| 700 | 1 | _aNapoli, Rob. | |
| 856 | 4 | 1 |
_3Table of contents only _uhttp://www.loc.gov/catdir/toc/ecip0611/2006011131.html |
| 856 | 4 | 2 |
_3Publisher description _uhttp://www.loc.gov/catdir/enhancements/fy0634/2006011131-d.html |
| 906 |
_a7 _bcbc _corignew _d1 _eecip _f20 _gy-gencatlg |
||
| 942 |
_2lcc _cBOOKS _hPN 2091 .S6G56 2007 |
||
| 999 |
_c32289 _d32289 |
||